El Evangelio según San Mateo
Sparad:
| Huvudupphovsman: | |
|---|---|
| Materialtyp: | Bok |
| Språk: | spanska |
| Publicerad: |
Salamanca
Sígueme
2001
|
| Upplaga: | 1a. ed |
| Serie: | Biblioteca de Estudios Bíblicos, 103
|
| Ämnen: | |
| Taggar: |
Lägg till en tagg
Inga taggar, Lägg till första taggen!
|
MARC
| LEADER | 00000nam a2200000 a 4500 | ||
|---|---|---|---|
| 001 | UCJ2781 | ||
| 003 | CL-VaPUC | ||
| 008 | 070112e20010000SP |||||||||||||||||spa|d | ||
| 020 | |a 8430114041 | ||
| 082 | 0 | 4 | |a 226.2 |b LUZ |2 21 |
| 100 | |a Luz, Ulrich |e autor |9 596638 | ||
| 245 | 1 | 3 | |a El Evangelio según San Mateo |
| 250 | |a 1a. ed | ||
| 300 | |a 699 p | ||
| 942 | |c BK | ||
| 945 | |d 20070112 00:00:00 |a lvergara | ||
| 260 | |a Salamanca |b Sígueme |c 2001 | ||
| 650 | 0 | |a Evangelios |9 314864 | |
| 650 | 0 | |a Evangelistas |9 315131 | |
| 650 | 0 | |a Nuevo testamento |9 257604 | |
| 650 | 0 | |a Biblia |9 257603 | |
| 583 | |a last modification |c 20070112 00:00:00 |k Rodrigo Vera | ||
| 490 | 0 | |a Biblioteca de Estudios Bíblicos, 103 | |
| 999 | |c 318912 |d 318910 | ||
| 952 | |0 0 |1 0 |4 0 |6 226_200000000000000_LUZ_2001 |7 0 |8 A |9 397110 |a BIBTEO |b BIBTEO |d 2019-11-22 |h v.2 |i 4258975 |l 1 |m 1 |o 226.2 LUZ 2001 |p 4258975 |r 2025-01-17 |s 2024-09-04 |w 2019-11-22 |y BK |k ICR | ||